[Event "Styrian op U14/16 23rd"]
[Site "Mureck"]
[Date "2016.08.06"]
[Round "4"]
[White "Bauer, David Lukas"]
[Black "Knafl, Noah"]
[Result "0-1"]
[WhiteElo "837"]
[BlackElo "813"]
[PlyCount "60"]
[EventDate "2016.08.03"]
[EventType "swiss"]
[EventRounds "9"]
[EventCountry "AUT"]
[SourceTitle "CBM 174 Extra"]
[Source "ChessBase"]
[SourceDate "2016.10.10"]
[SourceVersion "1"]
[SourceVersionDate "2016.10.10"]
[SourceQuality "1"]

1. e4 e5 2. Nf3 Nc6 3. Bb5 a6 4. Bxc6 dxc6 5. Nxe5 Bc5 6. Nd3 Bb6 7. Qf3 h5 8. Ne5 Nf6 9. Qb3 0-0 10. Ng6 Qd4 11. 0-0 Be6 12. Qg3 Rfe8 13. e5 Ne4 14. Qf3 fxg6 15. c3 Qxe5 16. d4 Qd5 17. Nd2 Rf8 18. Qe3 Bf5 19. c4 Qe6 20. c5 Ba5 21. Nf3 b6 22. Ng5 Qf6 23. Nxe4 Qh4 24. Nc3 Rae8 25. Qd2 bxc5 26. dxc5 Bb4 27. a3 Bxc5 28. b4 Bd6 29. Qa2+ Kh7 30. Bd2 Qxh2# 0-1